Città del Mondiale Spagna 1982 - Statistics

Statistiche generali
  • Questo quiz è stato fatto 27 volte
  • Il punteggio medio è 11 su 14
Statistiche sulle risposte
con Immagini Risposta % Corretto
Barcellona
100%
Bilbao
100%
Madrid
100%
Valencia
95%
Malaga
91%
Siviglia
91%
Vigo
77%
La Coruña
73%
Oviedo
73%
Saragozza
73%
Alicante
68%
Valladolid
55%
Valladolid
55%
Elche
36%
Nessun quiz corrispondente trovato
Distribuzione punteggi
Percentuale di utenti per punteggio
Percentile per numero di risposta
I tuoi punteggi nel tempo
Non hai fatto questo quiz